Pokémon Generation 4(#387 to #493) - Statistics

General Stats
  • This quiz has been taken 163 times
  • The average score is 76 of 107
Answer Stats
No. Type Pokémon % Correct
#387 Grass Turtwig
100%
#389 Grass/Ground Torterra
98%
#393 Water Piplup
95%
#390 Fire Chimchar
93%
#395 Water/Steel Empoleon
93%
#392 Fire/Fighting Infernape
93%
#394 Water Prinplup
93%
#398 Normal/Flying Staraptor
93%
#397 Normal/Flying Staravia
93%
#396 Normal/Flying Starly
93%
#399 Normal Bidoof
91%
#404 Electric Luxio
91%
#405 Electric Luxray
91%
#403 Electric Shinx
91%
#445 Dragon/Ground Garchomp
89%
#443 Dragon/Ground Gible
89%
#483 Steel/Dragon Dialga
88%
#444 Dragon/Ground Gabite
88%
#388 Grass Grotle
88%
#391 Fire/Fighting Monferno
88%
#484 Water/Dragon Palkia
88%
#400 Normal/Water Bibarel
86%
#491 Dark Darkrai
86%
#487 Ghost/Dragon Giratina
86%
#493 Normal Arceus
84%
#467 Fire Magmortar
82%
#460 Grass/Ice Abomasnow
80%
#485 Fire/Steel Heatran
80%
#407 Grass/Poison Roserade
80%
#478 Ice/Ghost Froslass
79%
#470 Grass Leafeon
79%
#448 Fighting/Steel Lucario
79%
#482 Psychic Azelf
77%
#406 Grass/Poison Budew
77%
#466 Electric Electivire
77%
#462 Electric/Steel Magnezone
77%
#447 Fighting Riolu
77%
#468 Fairy/Flying Togekiss
77%
#461 Dark/Ice Weavile
77%
#408 Rock Cranidos
75%
#471 Ice Glaceon
75%
#481 Psychic Mesprit
75%
#479 Electric/Ghost Rotom
75%
#492 Grass Shaymin
75%
#409 Rock Rampardos
73%
#459 Grass/Ice Snover
73%
#442 Ghost/Dark Spiritomb
73%
#480 Psychic Uxie
73%
#413 Bug/Varies Wormadam
73%
#426 Ghost/Flying Drifblim
71%
#425 Ghost/Flying Drifloon
71%
#430 Dark/Flying Honchkrow
71%
#473 Ice/Ground Mamoswine
71%
#490 Water Manaphy
71%
#429 Ghost Mismagius
71%
#454 Poison/Fighting Toxicroak
71%
#411 Rock/Steel Bastiodon
70%
#418 Water Buizel
70%
#412 Bug Burmy
70%
#488 Psychic Cresselia
70%
#453 Poison/Fighting Croagunk
70%
#417 Electric Pachirisu
70%
#486 Normal Regigigas
70%
#410 Rock/Steel Shieldon
70%
#419 Water Floatzel
68%
#423 Water/Ground Gastrodon
68%
#489 Water Phione
68%
#469 Bug/Flying Yanmega
68%
#475 Psychic/Fighting Gallade
66%
#464 Ground/Rock Rhyperior
66%
#437 Steel/Psychic Bronzong
64%
#436 Steel/Psychic Bronzor
64%
#415 Bug/Flying Combee
64%
#477 Ghost Dusknoir
64%
#472 Ground/Flying Gliscor
64%
#451 Poison/Bug Skorupi
64%
#452 Poison/Dark Drapion
63%
#401 Bug Kricketot
63%
#402 Bug Kricketune
63%
#416 Bug/Flying Vespiquen
63%
#414 Bug/Flying Mothim
61%
#422 Water Shellos
61%
#434 Poison/Dark Stunky
61%
#440 Normal Happiny
59%
#465 Grass Tangrowth
59%
#441 Normal/Flying Chatot
57%
#435 Poison/Dark Skuntank
57%
#439 Psychic/Fairy Mime Jr.
55%
#450 Ground Hippowdon
54%
#476 Rock/Steel Probopass
54%
#446 Normal Munchlax
52%
#438 Rock Bonsly
50%
#457 Water Lumineon
50%
#474 Normal Porygon-Z
50%
#421 Grass Cherrim
48%
#431 Normal Glameow
48%
#449 Ground Hippopotas
48%
#463 Normal Lickilicky
48%
#458 Water/Flying Mantyke
48%
#456 Water Finneon
46%
#427 Normal Buneary
45%
#420 Grass Cherubi
45%
#432 Normal Purugly
45%
#433 Psychic Chingling
43%
#428 Normal Lopunny
43%
#424 Normal Ambipom
41%
#455 Grass Carnivine
41%
No matching quizzes found
Score Distribution
Percent of People with Each Score
Percentile by Number Answered
Your Score History
You have not taken this quiz